[Event "JUG-ch"]
[Site "?"]
[Date "1988.??.??"]
[Round "?"]
[White "Paunovic, Dragan"]
[Black "Djuric, Stefan"]
[Result "0-1"]
[WhiteElo "2400"]
[BlackElo "2475"]

1.d4 Nf6 2.Nf3 e6 3.c4 b6 4.g3 Ba6 5.Qb3 c5 6.d5 exd5 7.cxd5 d6 8.Bg2 Be7
9.Nc3 O-O 10.O-O Nbd7 11.a4 Re8 12.Re1 Bf8 13.Qc2 Ng4 14.Bf4 g6 15.e4 Nde5
16.Bxe5 dxe5 17.Nb5 Bxb5 18.axb5 h5 19.Ra6 Qd7 20.Qc4 Rac8 21.Bh3 Rc7 22.Rea1 Bd6
23.Nh4 Re7 24.Ng2 f5 25.f3 Rf7 26.exf5 gxf5 27.fxg4 fxg4 28.Bxg4 Qxg4 29.Qxg4+ hxg4
30.Ne3 c4 31.Nxg4 Kg7 32.Kg2 Rc5 33.Rxa7 Rxb5 34.Rxf7+ Kxf7 35.Ra7+ Kf8 36.Rd7 Rxb2+
37.Kf3 Bc5 38.Ke4 c3 39.Nxe5 Re2+ 40.Kd3 Rxe5 41.Kxc3 Re2 42.Rh7 Kg8 43.Rh4 Kg7
44.Kc4 Kf6 45.Kb5 Rc2 46.Rh5 Ke7 47.Rh6 Kd7 48.g4 Rb2+ 49.Ka6 Rg2 50.Kb7 Rb2
51.h3 b5 52.Rc6 Bd6 53.Rb6 b4 54.Ka6 Ra2+ 55.Kb7 Ra7+  0-1

[Event "URS-FL56"]
[Site "Klaipeda"]
[Date "1988.??.??"]
[Round "?"]
[White "Ionov, Sergey"]
[Black "Aseev, Konstantin N"]
[Result "1/2-1/2"]
[WhiteElo "2360"]
[BlackElo "2445"]

1.d4 Nf6 2.c4 e6 3.Nf3 b6 4.g3 Ba6 5.Qa4 Bb7 6.Bg2 c5 7.O-O cxd4 8.Nxd4 Bxg2
9.Kxg2 Qc8 10.f3 Nc6 11.Rd1 Nxd4 12.Rxd4 Qc6 13.Qxc6 dxc6 14.Bf4 Nd7 15.Rd1 e5
16.Be3 O-O-O 17.Nc3 Bc5 18.Bf2  1/2-1/2

[Event "URS-FL56"]
[Site "Klaipeda"]
[Date "1988.??.??"]
[Round "?"]
[White "Magerramov, Elmar"]
[Black "Aseev, Konstantin N"]
[Result "0-1"]
[WhiteElo "2430"]
[BlackElo "2445"]

1.d4 Nf6 2.Nf3 e6 3.c4 b6 4.g3 Ba6 5.b3 Bb4+ 6.Bd2 Be7 7.Bg2 d5 8.cxd5 exd5
9.Nc3 Bb7 10.O-O O-O 11.Qc2 Re8 12.Rfd1 Na6 13.Bf4 Qd7 14.Qb2 Ne4 15.Rac1 Nxc3
16.Rxc3 f6 17.Rcc1 Bf8 18.Ne1 c6 19.Nd3 Nb4 20.Ne1 a5 21.Bf3 Na6 22.h4 Rad8
23.Qb1 c5 24.Be3 Rxe3 25.fxe3 Qh3 26.Bg2 Qxg3 27.Qf5 Qxe3+ 28.Qf2 cxd4 29.Nf3 Bc5
30.Qxe3 dxe3 31.Nd4 Kf7 32.Bf3 g6 33.Kg2 f5 34.Rc3 f4 35.Nb5 Ke6 36.a3 Ke5
37.Rcd3 Bc6 38.Na7 Ba8 39.Nb5 Rd7 40.Nc3 Nc7 41.Na4 Bc6 42.Rc1 Bxa4 43.bxa4 Ne8
44.Kh3 Nf6 45.Rg1 Ne4 46.Bxe4 Kxe4 47.Rg4 d4  0-1

[Event "URS-FL56"]
[Site "Klaipeda"]
[Date "1988.??.??"]
[Round "?"]
[White "Mikhalchishin, Adrian"]
[Black "Aseev, Konstantin N"]
[Result "1/2-1/2"]
[WhiteElo "2480"]
[BlackElo "2445"]

1.d4 Nf6 2.c4 e6 3.Nf3 b6 4.g3 Ba6 5.Qb3 Nc6 6.Nbd2 Na5 7.Qa4 Bb7 8.Bg2 c5
9.O-O Be7 10.dxc5 bxc5 11.Re1 Bc6 12.Qc2 d6 13.a3 Rb8 14.Rb1 Rc8 15.b4 cxb4
16.axb4 Bxf3 17.Bxf3 Nc6 18.Qa4 Qd7 19.Bb2 Ne5 20.Ra1 Nxf3+ 21.exf3  1/2-1/2

[Event "BKL-Turnier"]
[Site "Leipzig"]
[Date "1988.??.??"]
[Round "?"]
[White "Teske, Henrik"]
[Black "Kiss, Attila"]
[Result "0-1"]
[WhiteElo "2425"]
[BlackElo "2375"]

1.d4 Nf6 2.c4 e6 3.Nf3 b6 4.g3 Ba6 5.Nbd2 Bb7 6.Bg2 c5 7.dxc5 Bxc5 8.O-O O-O
9.b3 d5 10.cxd5 Bxd5 11.Bb2 Nbd7 12.Re1 b5 13.e4 Bb7 14.e5 Ng4 15.Nd4 Ndxe5
16.Ne4 Bb6 17.h3 f5 18.Nc5 Bxg2 19.Ncxe6 Qd5 20.Nf4 Qb7 21.hxg4 Bxd4 22.Bxd4 Nf3+
23.Kxg2 Nxe1+ 24.Kh2 Nf3+ 25.Kh3 fxg4+ 26.Kxg4 Nxd4 27.Qxd4 Rad8 28.Qe5 Rfe8
29.Qg5 Qd7+ 30.Kh4 Qe7 31.Rc1 Qxg5+ 32.Kxg5 Re5+ 33.Kg4 Rd4 34.Rc8+ Kf7 35.Kf3 Rd2
36.Rc7+ Re7 37.Rc5 a6 38.Rf5+ Ke8 39.a4 Rf7 40.Rc5 Rd3+ 41.Ke4 Rxb3 42.Nd5 Rxf2
43.axb5 axb5 44.Rc7 Rxg3 45.Ke5 Rg5+ 46.Kd6 Rg6+  0-1

[Event "Liechtenstein op"]
[Site "Liechtenstein"]
[Date "1988.??.??"]
[Round "?"]
[White "Nemet, Ivan"]
[Black "Klinger, Josef"]
[Result "1/2-1/2"]
[WhiteElo "2435"]
[BlackElo "2505"]

1.d4 Nf6 2.Nf3 e6 3.c4 b6 4.g3 Ba6 5.Nbd2 Bb4 6.Qc2 Bb7 7.Bg2 Be4 8.Qb3 c5
9.dxc5 bxc5 10.O-O Bxd2 11.Bxd2 O-O 12.Qe3 Na6 13.Bc3 d5 14.Rfd1 Rb8 15.Qf4 Bxf3
16.Bxf3 d4 17.e3 e5 18.Qxe5 Nd7 19.Qf5 g6 20.Qh3 dxc3 21.Qxd7 Qf6 22.Qc6 Qxc6
23.Bxc6 Rxb2 24.a3 c2 25.Rdc1 Rd8 26.Ba4 Rd3 27.Rxc2 Rxc2 28.Bxc2 Rc3 29.Bd1 Rxc4
30.Rb1 Rc3 31.Be2 c4 32.Rb7 Nc5 33.Rxa7 Nd3 34.Bxd3 cxd3 35.Kg2 Kf8 36.Kf3 Ke8
37.Ra4 h5 38.Re4+ Kf8 39.a4 Ra3 40.Rd4 Ra2 41.Rxd3 Rxa4 42.e4 Kg7 43.h4 Rb4
44.Kf4 Rb2 45.f3 Rb5 46.Rd4 Rb3 47.e5 Ra3 48.g4 hxg4 49.fxg4 Rh3 50.Kg5 Re3
51.Rd5 Re4 52.h5 Rxe5+ 53.Rxe5 f6+ 54.Kf4 fxe5+ 55.Kxe5  1/2-1/2

[Event "Lvov"]
[Site "Lvov"]
[Date "1988.??.??"]
[Round "?"]
[White "Huzman, Alexander"]
[Black "Mikhalchishin, Adrian"]
[Result "1/2-1/2"]
[WhiteElo "2490"]
[BlackElo "2490"]

1.d4 Nf6 2.c4 e6 3.Nf3 b6 4.g3 Ba6 5.Qb3 Nc6 6.Nbd2 d5 7.Qa4 Bb7 8.cxd5 exd5
9.Bg2 Qd7 10.O-O Bd6 11.Nb1 Ne4 12.Nc3 Nxc3 13.bxc3 Na5  1/2-1/2

[Event "Moscow-B"]
[Site "Moscow"]
[Date "1988.??.??"]
[Round "?"]
[White "Matlak, Marek"]
[Black "Pavlovic, Milos"]
[Result "1-0"]
[WhiteElo "2420"]
[BlackElo "2390"]

1.d4 Nf6 2.Nf3 e6 3.c4 b6 4.g3 Ba6 5.Qa4 Bb7 6.Bg2 c5 7.O-O cxd4 8.Nxd4 Bxg2
9.Kxg2 Qc7 10.f3 a6 11.Rd1 Be7 12.Nb5 Qc6 13.Nd6+ Bxd6 14.Qxc6 Nxc6 15.Rxd6 Ke7
16.Rd1 Rhc8 17.b3 b5 18.Na3 b4 19.Nc2 a5 20.Kf2 h6 21.g4 d6 22.Bf4 d5 23.Ne3 d4
24.Nc2 Rd8 25.Bc1 e5 26.a3 Nd7 27.axb4 axb4 28.Bd2 Rab8 29.Ra4 Nc5 30.Nxb4 Kd6
31.Nxc6 Kxc6 32.Ra7 Rxb3 33.Rxf7 e4 34.Ba5 e3+ 35.Kf1 Rd7 36.Rxd7 Nxd7 37.Rxd4 g5
38.Rd3 Rb1+ 39.Be1 Ne5 40.Rxe3 Nxc4 41.Re6+ Kd5 42.Rxh6  1-0

[Event "Muenster ELO"]
[Site "Muenster"]
[Date "1988.??.??"]
[Round "8"]
[White "Stoeckmann, Helmut"]
[Black "Wiemer, Ralf"]
[Result "0-1"]
[WhiteElo "2265"]
[BlackElo "2285"]

1.c4 e6 2.Nf3 b6 3.d4 Nf6 4.g3 Ba6 5.Bg2 Bxc4 6.O-O Bd5 7.Nc3 Bb7 8.Bg5 Be7
9.Qc2 d5 10.Bxf6 Bxf6 11.e4 O-O 12.exd5 exd5 13.Rfe1 c6 14.Ne5 Qd6 15.f4 Na6
16.Rad1 Nc7 17.g4 Be7 18.Re3 Rae8 19.Rh3 g6 20.g5 Bc8 21.Rh6 Bf5 22.Qf2 f6
23.Qh4 fxe5 24.fxe5 Bxg5 25.Qxg5 Qe7 26.Qg3 Rf7 27.Rf1 Ref8 28.h4 Kg7 29.Rh5 Be6
30.Rg5 Rxf1+ 31.Bxf1 Rf5 32.Bd3 Rxg5 33.hxg5 Bf7 34.Qf4 Ne6 35.Qf6+ Kf8 36.Qh8+ Bg8
37.Qf6+ Qxf6 38.gxf6 Nxd4 39.Ba6 Nf3+  0-1

[Event "Myslenice"]
[Site "Myslenice"]
[Date "1988.??.??"]
[Round "3"]
[White "Kasperek, Wieslaw"]
[Black "Kostyra, Stanislaw"]
[Result "0-1"]
[WhiteElo "2220"]
[BlackElo "2360"]

1.d4 Nf6 2.c4 e6 3.Nf3 b6 4.g3 Ba6 5.b3 d5 6.cxd5 exd5 7.Bg2 Bb4+ 8.Bd2 Bd6
9.O-O O-O 10.Re1 Nbd7 11.Nc3 Re8 12.Nh4 Bb7 13.Nf5 Bf8 14.Ne3 c6 15.a3 a5
16.Qb1 g6 17.Qb2 b5 18.Rec1 Nb6 19.a4 b4 20.Ncd1 Bg7 21.Ra2 Ne4 22.f3 c5
23.fxe4 dxe4 24.Qb1 cxd4 25.Nc4 Nxc4 26.bxc4 Rc8 27.e3 Qb6 28.Qb3 d3 29.Nb2 Ba6
30.Raa1 Qc5 31.h3 Qe5 32.Rab1 Qxg3 33.c5 Re5 34.Rf1 Rc7 35.Nd1 Rexc5 36.Be1 Qg5
37.Qa2 Rc2  0-1

[Event "Myslenice"]
[Site "Myslenice"]
[Date "1988.??.??"]
[Round "9"]
[White "Praszak, Michal"]
[Black "Kostyra, Stanislaw"]
[Result "1/2-1/2"]
[WhiteElo "2275"]
[BlackElo "2360"]

1.d4 Nf6 2.c4 e6 3.Nf3 b6 4.g3 Ba6 5.Nbd2 Bb4 6.Qb3 c5 7.Bg2 Nc6 8.dxc5 Bxc5
9.O-O O-O 10.Qa4 Bb7 11.Ne5 Qc7 12.Nxc6 Bxc6 13.Bxc6 dxc6 14.Nb3 Be7 15.Nd4 c5
16.Bf4 e5 17.Nb5 Qb8 18.Bg5 e4 19.Bf4 Qc8 20.Bg5 h6 21.Bxf6 Bxf6 22.Qc2 a6
23.Nd6 Qc6 24.Rad1 Bd4 25.Nxe4 Rfe8 26.Nc3 Bxc3 27.bxc3 Qe4 28.Qb3 Qxe2 29.Qxb6 Qxc4
30.Qb3 Qxb3 31.axb3 Rab8 32.Rd5 Rec8 33.Rb1 a5 34.Rdd1 Rb6 35.Rdc1 Rd8 36.Ra1 Rxb3
37.Rxa5 Rd5 38.Rc2 h5 39.Kg2 Rf5 40.f4 g6 41.Kf3 Rb1 42.c4 Rf1+ 43.Kg2 Rd1
44.h4 Kg7 45.Ra7 Rd3 46.Rc7 Ra3 47.Rc6 g5 48.hxg5 h4 49.gxh4 Rxf4 50.Rxc5 Rg4+
51.Kf1 Ra1+ 52.Kf2 Rh1 53.Rf5 Rhxh4 54.Rc3  1/2-1/2

[Event "URS-chT"]
[Site "Naberezhnie Chelni"]
[Date "1988.??.??"]
[Round "?"]
[White "Panchenko, Alexander N"]
[Black "Chernin, Alexander"]
[Result "1/2-1/2"]
[WhiteElo "2475"]
[BlackElo "2565"]

1.d4 Nf6 2.c4 e6 3.Nf3 b6 4.g3 Ba6 5.b3 Bb4+ 6.Bd2 Be7 7.Bg2 c6 8.O-O d5
9.Ne5 Nfd7 10.Nxd7 Qxd7 11.Bc3 dxc4 12.d5 cxd5 13.Bxg7 Rg8 14.Bb2 Nc6 15.bxc4 Bxc4
16.Nd2 Ba6 17.Rc1 Rc8 18.Re1 h6 19.e4 d4 20.e5 Nb4 21.Rxc8+ Qxc8 22.Bxd4 Nc2
23.Re4 Bb7 24.Bc3 Bxe4 25.Nxe4 Na3 26.Qa4+ Kf8 27.Bd2 Rg6 28.Nd6 Bxd6 29.exd6 Qc2
30.Qxa3 Qxd2 31.d7+ Kg7 32.Qe7 Rf6 33.f4 Qd4+ 34.Kf1 Qd1+ 35.Kf2 Qd2+ 36.Kf3 Qd1+
37.Ke3 Qc1+ 38.Kd3 Qd1+ 39.Kc3 Qc1+ 40.Kd3 Qd1+ 41.Ke3  1/2-1/2

[Event "URS-chT"]
[Site "Naberezhnie Chelni"]
[Date "1988.??.??"]
[Round "?"]
[White "Timoshchenko, Gennadi A"]
[Black "Kengis, Edvins"]
[Result "1/2-1/2"]
[WhiteElo "2455"]
[BlackElo "2470"]

1.d4 Nf6 2.c4 e6 3.Nf3 b6 4.g3 Ba6 5.b3 d5 6.cxd5 exd5 7.Bg2 Bb4+ 8.Bd2 Bxd2+
9.Qxd2 O-O 10.Nc3 Re8 11.O-O Nbd7 12.Rfd1 c5 13.dxc5 Nxc5 14.e3 Nfe4 15.Qd4 Nxc3
16.Qxc3 Rc8 17.Qd4 Ne4 18.Rac1 Qe7 19.Qb2 Bb7 20.Bh3 Rc5 21.b4 Rxc1 22.Rxc1 g6
23.Qd4 Ba6 24.a3 Bc4 25.Nd2 Nxd2 26.Qxd2 b5 27.Qc3 Qe5 28.Qxe5 Rxe5 29.Rd1 Kf8
30.Bf1 Ke7 31.Bd3 Re6 32.Kf1 Ra6 33.Bxc4 dxc4 34.Rd5 c3 35.Ke2 Rxa3 36.Rxb5 Ra2+
37.Kf3 c2 38.Rc5 Kd6 39.Rc4 Kd5 40.Rc5+ Kd6 41.Rc4 Kd5 42.Rc5+  1/2-1/2

[Event "New York op"]
[Site "New York"]
[Date "1988.??.??"]
[Round "?"]
[White "Groszpeter, Attila"]
[Black "Burger, Karl"]
[Result "1-0"]
[WhiteElo "2495"]
[BlackElo "2320"]

1.d4 Nf6 2.c4 e6 3.Nf3 b6 4.g3 Ba6 5.Nbd2 Bb7 6.Bg2 d5 7.O-O Be7 8.cxd5 exd5
9.Qc2 O-O 10.Ne5 c5 11.dxc5 bxc5 12.Ndc4 Nc6 13.Nxc6 Bxc6 14.Bg5 Nd7 15.Bxe7 Qxe7
16.Na5 Bb5 17.Bxd5 Rae8 18.Rfe1 Bxe2 19.Bc6  1-0

[Event "New York op"]
[Site "New York"]
[Date "1988.??.??"]
[Round "?"]
[White "Drasko, Milan"]
[Black "Petursson, Margeir"]
[Result "1/2-1/2"]
[WhiteElo "2465"]
[BlackElo "2540"]

1.d4 Nf6 2.c4 e6 3.Nf3 b6 4.g3 Ba6 5.b3 Bb7 6.Bg2 Bb4+ 7.Bd2 a5 8.O-O O-O
9.Qc2 c5 10.dxc5 Bxc5 11.Nc3 d5 12.cxd5 exd5 13.Rad1 Na6 14.Bf4 Qc8 15.Qb2 Re8
16.Be5 Qf5 17.Na4 Re6 18.Bd4 Rae8 19.e3 Qg6 20.Nh4 Qh5 21.Nc3 Bxd4 22.Rxd4 Nc5
23.Ne2 Qe5 24.Nf4 R6e7 25.Nf3 Qb8 26.Rd2 Rc7 27.Rc2 Rec8 28.Nd4 Nce4 29.Rfc1 Rxc2
30.Rxc2 Rxc2 31.Qxc2 Qd6  1/2-1/2

[Event "Pau"]
[Site "Pau"]
[Date "1988.??.??"]
[Round "8"]
[White "Leriche, Eric"]
[Black "Mischustov, Michael"]
[Result "1/2-1/2"]
[WhiteElo "2200"]
[BlackElo "2315"]

1.d4 Nf6 2.Nf3 e6 3.c4 b6 4.g3 Ba6 5.Qa4 Be7 6.Bg2 O-O 7.Nc3 c6 8.O-O d5
9.cxd5 cxd5 10.Bf4 Qd7 11.Qxd7 Nbxd7 12.Rfc1 Rfc8 13.a4 Nh5 14.Be3 Bb7 15.Nd2 a6
16.Bf3 Nhf6 17.Bf4 Ne8 18.g4 Bd6 19.Bxd6 Nxd6 20.Na2  1/2-1/2

[Event "URS-ch sf"]
[Site "Riga"]
[Date "1988.??.??"]
[Round "?"]
[White "Levin, Felix"]
[Black "Kharitonov, Andrei Y"]
[Result "1/2-1/2"]
[WhiteElo "2320"]
[BlackElo "2550"]

1.d4 Nf6 2.c4 e6 3.Nf3 b6 4.g3 Ba6 5.Qb3 Nc6 6.Nbd2 Na5 7.Qa4 Bb7 8.Bg2 c5
9.dxc5 bxc5 10.O-O Qb6 11.Ne5 Bxg2 12.Kxg2 Rc8 13.Ndf3 Nc6 14.Rd1 d6 15.Nxc6 Qxc6
16.Qxc6+  1/2-1/2

[Event "Royan"]
[Site "Royan"]
[Date "1988.??.??"]
[Round "?"]
[White "Miralles, Gilles"]
[Black "Kortschnoj, Viktor"]
[Result "1/2-1/2"]
[WhiteElo "2430"]
[BlackElo "2640"]

1.d4 Nf6 2.c4 e6 3.Nf3 b6 4.g3 Ba6 5.Nbd2 Bb4 6.Qc2 c5 7.Bg2 Nc6 8.dxc5 Bxc5
9.O-O O-O 10.a3 Be7 11.b4 Bb7 12.e4 d6 13.Bb2 Rc8 14.Rfd1 Qc7 15.Rac1 Nd7
16.Nf1 Qb8 17.Ne3 Bf6 18.h4 Bxb2 19.Qxb2 Nf6 20.Ng5 h6 21.Nh3 Ne7 22.Nf4 Nc6
23.Nh3 Ne7 24.Nf4  1/2-1/2

[Event "URS-FL56"]
[Site "Simferopol"]
[Date "1988.??.??"]
[Round "?"]
[White "Tukmakov, Vladimir B"]
[Black "Basin, Leonid"]
[Result "1-0"]
[WhiteElo "2590"]
[BlackElo "2350"]

1.d4 Nf6 2.c4 e6 3.Nf3 b6 4.g3 Ba6 5.b3 d5 6.cxd5 exd5 7.Bg2 Bd6 8.Ne5 O-O
9.Nc3 Bb7 10.Bg5 Be7 11.Rc1 c6 12.f4 Ne8 13.Bxe7 Qxe7 14.O-O Nd7 15.e4 Ndf6
16.Re1 Qd8 17.Qd2 Nc7 18.Rc2 Re8 19.Rec1 Rc8 20.b4 b5 21.a3 a6 22.Qd3 Ne6
23.exd5 cxd5 24.Ne2 Rxc2 25.Rxc2 Qb6 26.Bh3 Ne4 27.Nd7 Qd8 28.Nc5 Bc8 29.Bg2 f5
30.Qb3 Qd6 31.Nd3 Bd7 32.Ne5 Rc8 33.Rxc8+ Bxc8 34.Qc2 Bd7 35.Qb3 Nc7 36.Nc3 Kf8
37.Bxe4 fxe4 38.Nxe4 Qe7 39.Nc5 Bf5 40.Qe3 h5 41.Kg2 Kg8 42.Qf3 g6  1-0

[Event "URS-FL56"]
[Site "Simferopol"]
[Date "1988.??.??"]
[Round "?"]
[White "Yurtaev, Leonid"]
[Black "Romanishin, Oleg M"]
[Result "1-0"]
[WhiteElo "2485"]
[BlackElo "2550"]

1.d4 Nf6 2.c4 e6 3.Nf3 b6 4.g3 Ba6 5.Qc2 Bb7 6.Nc3 Bb4 7.Bg2 O-O 8.O-O Bxc3
9.Qxc3 d6 10.b4 Nbd7 11.Bb2 Re8 12.Rfd1 a5 13.a3 axb4 14.axb4 b5 15.cxb5 Nb6
16.Ra5 Qd7 17.Rc1 Rec8 18.Ne5 dxe5 19.Bxb7 Nfd5 20.Qc6  1-0

[Event "Stara Pazova"]
[Site "Stara Pazova"]
[Date "1988.??.??"]
[Round "12"]
[White "Popov, Luben"]
[Black "Popovic, Petar"]
[Result "1/2-1/2"]
[WhiteElo "2430"]
[BlackElo "2530"]

1.d4 Nf6 2.c4 e6 3.Nf3 b6 4.g3 Ba6 5.Qa4 Bb7 6.Bg2 c5 7.O-O cxd4 8.Nxd4 Bxg2
9.Kxg2 Qc7 10.f3 a6 11.Rd1 Be7 12.Be3 O-O 13.Nd2  1/2-1/2

[Event "Rilton Cup"]
[Site "Stockholm"]
[Date "1988.??.??"]
[Round "?"]
[White "Bjork, Carl Magnus"]
[Black "Magnusson, Joergen"]
[Result "1/2-1/2"]
[WhiteElo "2325"]
[BlackElo "2255"]

1.d4 Nf6 2.c4 e6 3.Nf3 b6 4.g3 Ba6 5.Qa4 c5 6.Bg2 Bb7 7.dxc5 Bxc5 8.Nc3 O-O
9.O-O Be7 10.Bf4 Na6 11.Rfd1 Nc5 12.Qc2 Qc8 13.Rd4 d5 14.cxd5  1/2-1/2

[Event "URS Cup rapid"]
[Site "Tallinn"]
[Date "1988.??.??"]
[Round "4"]
[White "Novikov, Igor A"]
[Black "Romanishin, Oleg M"]
[Result "1/2-1/2"]
[WhiteElo "2485"]
[BlackElo "2570"]

1.d4 Nf6 2.c4 e6 3.Nf3 b6 4.g3 Ba6 5.b3 Bb7 6.Bg2 Bb4+ 7.Bd2 a5 8.O-O O-O
9.Bc3 Re8 10.Bb2 Bf8 11.Nc3 Na6 12.Rc1 d5 13.Ne5 Qc8 14.cxd5 exd5 15.e3 Ne4
16.Ne2 f6 17.Nd3 Nb4 18.a3 Nxd3 19.Qxd3 Ba6 20.Qc2 Qf5 21.f3 Nd6 22.e4 Qd7
23.Rfe1 a4 24.bxa4 Nc4 25.Nf4 Nxb2  1/2-1/2

[Event "URS Cup rapid"]
[Site "Tallinn"]
[Date "1988.??.??"]
[Round "6"]
[White "Vladimirov, Evgeny"]
[Black "Lerner, Konstantin Z"]
[Result "1-0"]
[WhiteElo "2525"]
[BlackElo "2515"]

1.d4 Nf6 2.c4 e6 3.Nf3 b6 4.g3 Ba6 5.Nbd2 Bb4 6.Qc2 Bb7 7.Bg2 c5 8.dxc5 Bxc5
9.O-O Be7 10.a4 Nc6 11.b3 Qc7 12.Bb2 Nb4 13.Qc3 a5 14.e4 Bc5 15.Rad1 d6 16.Nd4 Bxd4
17.Qxd4 e5 18.Qe3 Qc5 19.Qe2 O-O 20.Nb1 Qc6 21.Nc3 Na6 22.f4 Rfe8 23.fxe5 dxe5
24.Nd5 Qc5+ 25.Kh1 Bxd5 26.exd5 Qd6 27.Rde1 Nd7 28.Qh5 f6 29.Be4 Nf8 30.g4 Nc5
31.Ba3 Rad8 32.Rf3 Qc7 33.Bxc5 bxc5 34.Rh3 g6 35.Qh4 Rd6 36.Rf1 Qg7 37.Qf2 Nd7
38.Rg3 Qh6 39.g5 Qh4 40.Bf5 fxg5 41.Be6+ Kh8 42.Bxd7 Rxd7 43.Qxc5 Kg7 44.Qf2 Qe4+
45.Kg1 g4 46.Qf6+ Kg8 47.Qg5 Qd4+ 48.Qe3 h5 49.Re1 Rb8 50.Qxd4 exd4 51.Rd3 Rf7
52.d6 Rf3 53.Rxd4 Rd8 54.c5 Rc3 55.Rc4 Rxb3 56.c6 Rxd6 57.c7  1-0

[Event "Thessaloniki ol (Men)"]
[Site "Thessaloniki"]
[Date "1988.??.??"]
[Round "1"]
[White "Schmidt, Loren R"]
[Black "Tisdall, Jonathan D"]
[Result "1/2-1/2"]
[WhiteElo "2200"]
[BlackElo "2460"]

1.d4 Nf6 2.c4 e6 3.Nf3 b6 4.g3 Ba6 5.Qa4 Bb7 6.Bg2 c5 7.O-O cxd4 8.Nxd4 Bxg2
9.Kxg2 Qc8 10.f3 a6 11.Rd1 Qb7 12.Nc3 Be7 13.Bf4 O-O 14.Nc2 Rc8 15.Bd6 Bxd6
16.Rxd6 b5 17.cxb5 axb5 18.Qb3 Na6 19.Rad1 Nc5 20.Qb4 Na4 21.Nxa4 Rxa4 22.Qb3 Nd5
23.Ne3 Rb4 24.Qd3 Nxe3+ 25.Qxe3  1/2-1/2

[Event "Thessaloniki ol (Men)"]
[Site "Thessaloniki"]
[Date "1988.??.??"]
[Round "1"]
[White "Khechen, Nabil E"]
[Black "Rodriguez, Amador"]
[Result "0-1"]
[WhiteElo "2245"]
[BlackElo "2550"]

1.d4 Nf6 2.Nf3 e6 3.c4 b6 4.g3 Ba6 5.Qa4 c5 6.Bg2 Bb7 7.O-O cxd4 8.Rd1 Be7
9.Rxd4 Nc6 10.Rd1 Rc8 11.Ne5 O-O 12.Nxc6 Bxc6 13.Bxc6 Rxc6 14.Qxc6 dxc6 15.Rxd8 Rxd8
16.Nd2 Ng4 17.h3 Ne5 18.a3 f5 19.b3 a5 20.Ra2 c5 21.a4 Nc6 22.Ba3 Bf6 23.Kf1 Bc3
24.Nf3 Rd1+ 25.Kg2 Rb1 26.Nd2 Rd1 27.Nf3 Nd4 28.Nxd4 Bxd4 29.e3 Bf6 30.Bb2 Rd2
31.Bxf6 Rxa2 32.Bd8 Rb2 33.Bxb6 Rxb3 34.Bxa5 Kf7 35.Bc7 Rb4 36.Bd6 Rxc4 37.a5 Rc2
38.a6 c4 39.Bc5 Ra2 40.a7 c3 41.Bd4 c2  0-1

[Event "Thessaloniki ol (Men)"]
[Site "Thessaloniki"]
[Date "1988.??.??"]
[Round "2"]
[White "Agdestein, Simen"]
[Black "Mateo, Ramon"]
[Result "1-0"]
[WhiteElo "2595"]
[BlackElo "2445"]

1.d4 Nf6 2.c4 e6 3.Nf3 b6 4.g3 Ba6 5.Nbd2 Bb4 6.Qc2 Bb7 7.Bg2 Be4 8.Qd1 Bxd2+
9.Qxd2 a5 10.b3 d6 11.O-O Nbd7 12.Bh3 a4 13.Ba3 O-O 14.Nh4 b5 15.f3 Bc6 16.e4 bxc4
17.bxc4 Nb6 18.Rac1 Re8 19.Rfd1 Nc8 20.Qc3 g5 21.Ng2 g4 22.Bxg4 Nxg4 23.d5 Ne5
24.dxc6 Nxc6 25.Ne3 h5 26.c5 Ne5 27.f4 Ng6 28.Bb2 e5 29.Nc4 Qf6 30.Qf3 Rb8
31.Ba1 Rb5 32.Ne3 Rxc5 33.Rxc5 dxc5 34.Nd5  1-0

[Event "Thessaloniki ol (Men)"]
[Site "Thessaloniki"]
[Date "1988.??.??"]
[Round "5"]
[White "Adianto, Utut"]
[Black "Rodriguez, Amador"]
[Result "1/2-1/2"]
[WhiteElo "2525"]
[BlackElo "2550"]

1.d4 Nf6 2.Nf3 e6 3.c4 b6 4.g3 Ba6 5.b3 d5 6.cxd5 exd5 7.Bg2 Bb4+ 8.Bd2 Bxd2+
9.Nbxd2 O-O 10.O-O Re8 11.Re1 Nbd7 12.Rc1 c5 13.Nb1 Bb7 14.Nc3 a5 15.e3 Qe7
16.Bh3 Bc6 17.Re2 Qd6 18.Rd2 Rad8 19.Qc2 Qb8 20.Rcd1 Bb7 21.Qb2 h6 22.a3 Ba8
23.b4 axb4 24.axb4 c4 25.Qa3 Bc6 26.b5 Bb7 27.Ra2 Qc7 28.Qb4 Ne4 29.Nxe4 dxe4
30.Nd2 Bd5 31.Rc2 Qa7 32.Nxc4 Bxc4 33.Qxc4 Ne5 34.Qe2 Nf3+ 35.Kh1 Rd5 36.Bg4 Qa4
37.Rdc1 Qxb5 38.Bxf3 exf3 39.Qxf3 Rf5 40.Qb7 Kh7 41.Kg2 Rf6 42.e4 Qd3 43.e5 Rf5
44.Qxb6 h5 45.Qc6 Rd8 46.Qc3 Qxc3 47.Rxc3 Rxd4 48.Re1 Rd2 49.Rf3 Rxf3 50.Kxf3 Kg6
51.Re2 Rd4 52.Re4 Rd3+ 53.Kf4 Rd2 54.Ke3 Ra2 55.h3 Kf5 56.g4+ hxg4 57.hxg4+ Ke6
58.f4 Ra3+ 59.Kf2 g6 60.Re3 Ra4 61.Kf3 f6 62.exf6+ Kxf6 63.g5+ Kf7 64.Rc3  1/2-1/2

[Event "Thessaloniki ol (Men)"]
[Site "Thessaloniki"]
[Date "1988.??.??"]
[Round "6"]
[White "Van der Sterren, Paul"]
[Black "Petursson, Margeir"]
[Result "1/2-1/2"]
[WhiteElo "2475"]
[BlackElo "2530"]

1.d4 Nf6 2.c4 e6 3.Nf3 b6 4.g3 Ba6 5.b3 Bb7 6.Bg2 Bb4+ 7.Bd2 c5 8.O-O O-O
9.dxc5 Bxc5 10.Nc3 d5 11.cxd5 Nxd5 12.Nxd5 Bxd5 13.Qc2 h6 14.Qb2 Be7 15.Bc3 Bf6
16.Bxf6 Qxf6 17.Qxf6 gxf6 18.Nd4 Bxg2 19.Kxg2 Rc8 20.Rac1 Nd7 21.Rfd1 Nc5
22.b4 Na4 23.Nb5 Rxc1 24.Rxc1 a6 25.Nd4 Rd8 26.e3 Rd6 27.g4 b5 28.Kf3 Kg7
29.Ke4 Kg6 30.f4 Nb6 31.f5+ Kg7 32.Rc6 Rxc6 33.Nxc6 Nd5 34.Kd4 h5 35.gxh5 Kh6
36.e4 Nf4 37.Ke3 Ng2+ 38.Kf2 Nf4 39.Ke3 Ng2+ 40.Kf3 Ne1+ 41.Ke2 Ng2 42.Kf2 Nf4
43.Kf3 Nd3 44.Ke3 Ne1 45.Nd4 exf5 46.exf5 Kxh5 47.Ke4 Kg4 48.a3 Ng2 49.Nc6 Ne1
50.Nd4 Ng2 51.Nc6 Ne1 52.Nb8 Nc2 53.Nxa6 Nxa3 54.Nc7 Nc2 55.Nd5 Kg5 56.h3 Kh4
57.Kd3 Ne1+ 58.Kd4 Kg5 59.Ne7 Nc2+ 60.Kc5 Na3 61.h4+ Kxh4 62.Nc8 Kg5 63.Nd6 Kf4
64.Nxb5 Nb1 65.Nd6 Ke5 66.Nc4+ Ke4 67.b5  1/2-1/2

[Event "Thessaloniki ol (Men)"]
[Site "Thessaloniki"]
[Date "1988.??.??"]
[Round "7"]
[White "Pelts, Roman"]
[Black "Wong Foong Yin"]
[Result "1-0"]
[WhiteElo "2435"]
[BlackElo "2250"]

1.Nf3 Nf6 2.c4 e6 3.d4 b6 4.g3 Ba6 5.b3 Bb4+ 6.Bd2 Be7 7.Bg2 d5 8.cxd5 exd5
9.O-O O-O 10.Nc3 c6 11.Qc2 Nbd7 12.Rfe1 Bb7 13.Rad1 Re8 14.Qb2 Bd6 15.Nh4 Ne4
16.Nxe4 dxe4 17.Nf5 Bf8 18.Qb1 Nf6 19.Bg5 Qd5 20.Nh6+ Kh8 21.Bxf6 gxf6 22.Ng4 Qe6
23.Ne3 Rad8 24.Qb2 h5 25.Qc3 a5 26.Nc2 h4 27.Qe3 hxg3 28.fxg3 c5 29.Kh1 cxd4
30.Nxd4 Qe5 31.Qg1 Bc5 32.e3 Rd6 33.Nb5 Rdd8 34.Qf2 Ba6 35.Nd4 Bb4 36.Rg1 Rc8
37.Nf5 Rg8 38.g4 Rgd8 39.Qh4+ Kg8 40.Nh6+ Kf8 41.Nf5 Ke8 42.Qh8+ Bf8 43.Nd4 Bd3
44.Bf1 Rc5 45.g5 fxg5 46.Qxe5+ Rxe5 47.Nc6 Red5 48.Nxd8 Kxd8 49.Bxd3 exd3
50.e4 Rd6 51.Rg3 d2 52.Rg2 Re6 53.Rgxd2+ Ke7 54.Rd7+ Kf6 55.Rf1+ Kg6 56.Rfxf7 Bc5
57.Rg7+ Kh5 58.Rd5 Be3 59.Kg2 Rxe4 60.Kf3 Re6 61.h4 Kh6 62.Rgd7 Bc5 63.hxg5+ Kg6
64.Rc7 Be3 65.Rc2 Bg1 66.Rc1 Bc5 67.Rcxc5 bxc5 68.Rxc5 a4 69.bxa4 Rb6 70.a5 Re6
71.Kf4 Re2 72.Rc6+ Kf7 73.g6+ Kg7 74.a6 Rxa2 75.Ke3 Kf8 76.Kd3 Ke7 77.g7 Kf7
78.Rc7+ Kg8 79.a7  1-0

[Event "Thessaloniki ol (Men)"]
[Site "Thessaloniki"]
[Date "1988.??.??"]
[Round "9"]
[White "Wong Foong Yin"]
[Black "Sisniega, Marcel"]
[Result "0-1"]
[WhiteElo "2250"]
[BlackElo "2425"]

1.d4 Nf6 2.Nf3 e6 3.c4 b6 4.g3 Ba6 5.b3 Bb4+ 6.Bd2 Be7 7.Nc3 c6 8.e4 d5 9.e5 Ne4
10.Bd3 Nxd2 11.Qxd2 O-O 12.O-O Bb7 13.Rfd1 Na6 14.cxd5 cxd5 15.Nb5 Nb4 16.Bf1 Qd7
17.Rac1 Nc6 18.a3 Ba6 19.b4 Bxb5 20.Bxb5 Nxe5 21.Nxe5 Qxb5 22.Nc6 Bd6 23.Rc3 Qa6
24.Rdc1 Qb7 25.Qd3 a6 26.Qc2 f6 27.f4 Qf7 28.Qe2 Rfe8 29.Re3 Qd7 30.a4 g6
31.b5 Rac8 32.Re1 Kf7 33.h4 h5 34.f5 gxf5 35.Qxh5+ Kg7 36.Kg2 Qf7 37.Qf3 axb5
38.axb5 Ra8 39.h5 Kh6 40.Qe2 Qg7 41.Qf2 Rg8 42.Rf3 Ra2 43.Qxa2 Bxg3 44.Kf1 Bxe1
45.Kxe1 Qg4 46.Qd2+ Kh7 47.Qf4 Qg2 48.Rf2 Qh3 49.Nb4 Qc3+ 50.Qd2 Qc4 51.Rf1 Rg5
52.Nc2 Qxb5 53.Qf2 Qd3  0-1

[Event "Thessaloniki ol (Men)"]
[Site "Thessaloniki"]
[Date "1988.??.??"]
[Round "10"]
[White "Trevelman, J."]
[Black "Wirthensohn, Heinz"]
[Result "1-0"]
[WhiteElo "2200"]
[BlackElo "2385"]

1.d4 Nf6 2.c4 e6 3.Nf3 b6 4.g3 Ba6 5.Qc2 Bb7 6.Bg2 c5 7.O-O cxd4 8.Nxd4 Bxg2
9.Kxg2 Qc7 10.e4 a6 11.Qd3 d6 12.b3 Nbd7 13.Nc3 Be7 14.Bb2 O-O 15.Rad1 Rfe8
16.f4 Bf8 17.Qf3 Nc5 18.Rf2 e5 19.fxe5 Rxe5 20.Nd5 Nxd5 21.exd5 Ne4 22.Re2 Ng5
23.Qf4 Rxe2+ 24.Nxe2 Qe7 25.Nd4 b5 26.h4 Qe4+ 27.Qxe4 Nxe4 28.Nc6 bxc4 29.bxc4 g6
30.Ba3 h5 31.Bb4 Bg7 32.Re1 f5 33.Ba5 Re8 34.Bc7 Bb2 35.c5 Ba3 36.cxd6 Nxd6
37.Bxd6 Rxe1 38.Bxa3 Kf7 39.d6 Ke6 40.Nb8 Re2+ 41.Kf1 Rxa2 42.d7 Rd2 43.Ke1 Rd5
44.Bb4  1-0